| 000 | 00907nam a2200229 a 4500 | ||
|---|---|---|---|
| 001 | BRL_1302 | ||
| 005 | 20190320211133.0 | ||
| 008 | 030114s1967----mx-o#####c---#000-0#spa-# | ||
| 041 | _aspa | ||
| 044 | _amx | ||
| 050 | 4 |
_aF2270.1.G57 _b.O27 1967 |
|
| 245 | 1 | 0 | _a100 [i.e. cien] obras maestras del Museo del oro de Colombia. |
| 260 |
_aMéxico _bOrganismo de Promoción Internacional de Cultura, Secretaría de Relaciones Exteriores ; INAH ; SEP ; Banco de la República de Colombia y su Museo del Oro _c1967 |
||
| 300 |
_a34 p. _bil., 23 láminas _c29 cm. |
||
| 500 | _aAu1534 | ||
| 500 | _aEstado físico: Pasta desprendida de la parte inferior. | ||
| 610 | 2 | 4 |
_aMuseo del Oro (Banco de la República) _vCatálogos _926431 |
| 650 | 1 | 4 |
_aOrfebrería _vCatálogos _zColombia _926432 |
| 650 | 1 | 4 |
_aIndígenas de América del Sur _vCatálogos _xOrfebrería _zColombia _926433 |
| 902 | _aGRL | ||
| 942 |
_2lcc _cB |
||
| 999 |
_c10114 _d10114 |
||